00739nam a22002057a 450000500170000001000150001702000260003203500140005803700130007208200100008524502090009526000480030427000590035230000270041150000280043870000170046670000200048370000170050370000130052020180507114624.0 aENG-122894 a9789387380004c500.00 aEN-106426 bDBAD/PUB a480.9 aProceedings of the national seminar on the changing contours of english language and literature :ced. by K.S. Lakshmi; Usha Sadasivan; S. Jayanthi [and] P. Priyab(CCELL-2016), 7th & 8th September 2016 / aNew DelhibAllied Publishers Private c2017 a1/13-14 Asaf Ali Road , Darya Ganj,bNew Delhie110002 axviii, 260p.c24cm(Hb) aIt include author index aK.S. Lakshmi aSadasivan, Usha aJayanthi, S. aP. Priya